Normal view
MARC view
Entry Personal Name
001 - CONTROL NUMBER
- control field: 19015
003 - CONTROL NUMBER IDENTIFIER
- control field: dpl
005 - DATE AND TIME OF LATEST TRANSACTION
- control field: 20100908161051.0
008 - FIXED-LENGTH DATA ELEMENTS
- fixed length control field: 100908|||a|||||| | ||| d
040 ## - CATALOGING SOURCE
- Original cataloging agency: dpl
- Transcribing agency: dpl
100 ## - HEADING--PERSONAL NAME
- Personal name: Chowdhury,Bakul Chandra
670 ## - SOURCE DATA FOUND
- Source citation: Work cat.: (dpl): Chowdhury,Bakul Chandra, Kinship system of Oriya castes in coastal Orissa /, 2010
670 ## - SOURCE DATA FOUND
- Source citation: Work cat.: (dpl): Chowdhury,Bakul Chandra, Kinship system of Oriya castes in coastal Orissa /, 2010
